| 000 | 01740 a2200241 4500 | ||
|---|---|---|---|
| 001 | 49203 | ||
| 005 | 20260407155755.0 | ||
| 008 | 260407a2019 arg spa d | ||
| 003 | AR-UNSa-BCEJYS | ||
| 040 |
_aAR-UNSa-BCEJYS _bspa _cAR-UNSa-BCEJYS |
||
| 080 |
_a347.962 _xMagistrados. Magistratura. Jueces |
||
| 245 | 1 | 0 |
_aFormación de jueces _psu adecuación a un modelo de sociedad igualitaria |
| 020 | _a978-950-23-2915-4 | ||
| 264 | 1 |
_aBuenos Aires : _bUniversidad de Buenos Aires. Facultad de Derecho. Departamento de Publicaciones _c2019 |
|
| 300 |
_a254 p. _c23 cm. |
||
| 505 | _a1. La concepción normativa de "idoneidad judicial" en el marco de los estados constitucionales de derecho - 2. La formación de jueces de la Escuela Judicial Nacional: ¿modelos de idoneidad para (des) armar? - 3. Las escuelas judiciales provinciales en el camino hacia la igualdad: una mirada al caso de la provincia de La Pampa - 4. La introducción de la perspectiva de género en la formación de jueces y juezas - 5. La educación por competencias: definiciones y alcances de su aplicación en la formación judicial - 6. Igualdad y dogmática jurídica - 7. La igualdad "reformada": La igualdad "des-enmarcada" - 8. Los problemas de interpretar las normas penales en contextos de desigualdad. No ver ningún mal, no escuchar sobre ningún mal, no hablar sobre ningún mal - 9. Los efectos de la desigualdad en perspectiva sociológica. Modelos para pensar las demandas de igualdad. | ||
| 041 | _aspa | ||
| 942 | _cBK | ||
| 590 | _aniveau_biblio:m niveau_hierar:0 | ||
| 100 | 1 | _aCardinaux, Nancy | |
| 700 | 1 | _aClérico, María Laura | |
| 856 | 4 | 1 |
_uhttps://www.biblioeco.unsa.edu.ar/pmb/images/libros/L127907.jpg _yImagen de portada _qimage/jpeg |
| 999 |
_c4782 _d4782 |
||